Typesetting mathematics with latex (Record no. 751003)

MARC details
000 -LEADER
fixed length control field 00407nam a22001577a 4500
020 ## - INTERNATIONAL STANDARD BOOK NUMBER
ISBN 9781647287290
100 ## - MAIN ENTRY--AUTHOR NAME
Personal name Legato, Robert
245 ## - TITLE STATEMENT
Title Typesetting mathematics with latex
260 ## - PUBLICATION, DISTRIBUTION, ETC. (IMPRINT)
Place of publication New York
Name of publisher Willford press
Year of publication 2025
300 ## - PHYSICAL DESCRIPTION
Number of Pages 193
650 ## - SUBJECT ADDED ENTRY--TOPICAL TERM
Topical Term Mathematical notation
650 ## - SUBJECT ADDED ENTRY--TOPICAL TERM
Topical Term LaTeX
650 ## - SUBJECT ADDED ENTRY--TOPICAL TERM
Topical Term Document preparation
942 ## - ADDED ENTRY ELEMENTS (KOHA)
Source of classification or shelving scheme Dewey Decimal Classification
Koha item type Book
Holdings
Withdrawn status Lost status Source of classification or shelving scheme Damaged status Not for loan Collection code Home Library Current Location Shelving location Date acquired Source of acquisition Cost, normal purchase price Full call number Accession Number Price effective from Koha item type
    Dewey Decimal Classification   Not For Loan Reference Dept. of Mathematics Dept. of Mathematics Reference 24/06/2025 Book Bay, Trivandrum 12657.33 R 686.22544 LEG-T MAT8117 20/08/2025 Book